Top 10 des joueurs de football les plus chers - Statistiques

Statistiques générales
  • Ce quiz a été pris 1 810 fois
  • Le résultat moyen est 4 sur 10
Statistiques - réponses
Somme (en €) Nombre de transferts Joueurs % Correct
247 4 Cristiano Ronaldo
95%
180 1 Kylian Mbappé
95%
310 2 Neymar Jr
90%
170 2 Ousmane Dembélé
38%
180 3 Antoine Griezman
32%
169,1 7 Zlatan Ibrahimovic
31%
333,6 7 Romelu Lukaku
30%
180,3 3 Philippe Coutinho
26%
189 4 Alvaro Morata
12%
179 5 Angel Di Maria
0%
Aucun quiz correspondant
Distribution des résultats
% des personnes avec chaque résultat
Percentile par nombre de réponses
Votre historique - résultats
Vous n’avez pas pris ce quiz